Zobecněná mikroekonomie
Guardado en:
| Autor principal: | |
|---|---|
| Otros Autores: | |
| Formato: | Libro |
| Lenguaje: | checo |
| Publicado: |
Praha
Univerzita Karlova v Praze. Nakladatelství Karolinum
2010
|
| Materias: | |
| Etiquetas: |
Sin Etiquetas, Sea el primero en etiquetar este registro!
|
MARC
| LEADER | 00000nam a2200000 4500 | ||
|---|---|---|---|
| 001 | 0119234 | ||
| 005 | 20240313090634.5 | ||
| 020 | |a 978-80-246-1685-8 | ||
| 041 | 0 | |a cze | |
| 044 | |a CZ | ||
| 245 | 1 | 0 | |a Zobecněná mikroekonomie |c Jiří Hlaváček a Michal Hlaváček |
| 264 | 1 | |a Praha |b Univerzita Karlova v Praze. Nakladatelství Karolinum |c 2010 | |
| 300 | |a 208 s. | ||
| 610 | 2 | 0 | |a mikroekonomika |
| 610 | 2 | 0 | |a racionalita ekonomická |
| 610 | 2 | 0 | |a riziko |
| 610 | 2 | 0 | |a modelovanie ekonometrické |
| 610 | 2 | 0 | |a hazard morálny |
| 610 | 2 | 0 | |a trh poistný |
| 610 | 2 | 0 | |a pravdepodobnosť |
| 100 | 1 | |a Hlaváček, Jiří | |
| 700 | 1 | |a Hlaváček, Michal | |